000 01346nam a2200361 a 4500
001 000114868
003 CHAP
005 20240814110124.0
008 180724s2017 mx a |r| |||||||spa d
010 _a111329
011 _a112301
020 _a9786071204622
040 _cCHAP
090 _aFolleto 5235
100 1 _aPérez Nicolás, Mónica Laura.
_9124762
245 1 0 _aCultivo de nochebuenas silvestres en la comunidad de Tehuilotepec, Taxco de Alarcón, Guerrero /
_cpor Monica Laura Pérez Nicolas, María Teresa Beryl Colinas y León y Cuauhtémoc Alejandro De La Peña García.
260 _aMéxico :
_bUACH,
_c2017.
300 _a54p. :
_bil.
590 _aBATCH-UPD
_b05
_c20180724
_lUCH01
_h0857
590 _aBATCH-UPD
_b05
_c20180724
_lUCH01
_h1016
590 _aE6339RRR
_b05
_c20180724
_lUCH01
_h0856
590 _aE6339RRR
_b05
_c20180724
_lUCH01
_h1016
590 _aE6339RRR
_b05
_c20180724
_lUCH01
_h1017
650 1 4 _aEuphorbia pulcherrima Willd.
_xCultivo.
_9129930
650 1 4 _aFlor de nochebuena
_xEnfermedades.
_941308
650 1 4 _aFlor de nochebuena
_xFisología y morfología.
_9129001
650 1 4 _aFlor de nochebuena
_xPropagación.
_941312
700 1 _aColinas León, María Teresa B.
_925185
700 1 _aPeña García, Cuauhtémoc Alejandro de la.
_9135260
901 _aBK
942 _cFOLL
942 _n0
999 _c111329
_d111329